000 00551cam a2200205 4500
001 B1566
008 090401t1984 xxu||||| |||| 00| 0 eng d
035 _a(Sirsi) u45248
041 _aeng
050 _a333.33709421
110 _aJones Lang Wootton
_92909
245 _aCentral London offices research : an in-depth study for market practitioners. - End-1983
260 _aLondon
_bJones Lang Wootton
_c1984
300 _a11p. : ill.,map ; 30cm.
350 _a0
650 _aLONDON
650 _aOFFICES
942 _n0
948 _c04/03/1997
999 _c91669
_d91669